Fundamentals of graphic theory (Record no. 7909)

MARC details
000 -LEADER
fixed length control field 00551nam a22001937a 4500
003 - CONTROL NUMBER IDENTIFIER
control field OSt
005 - DATE AND TIME OF LATEST TRANSACTION
control field 20220729121803.0
008 - FIXED-LENGTH DATA ELEMENTS--GENERAL INFORMATION
fixed length control field 220729b ||||| |||| 00| 0 eng d
020 ## - INTERNATIONAL STANDARD BOOK NUMBER
International Standard Book Number 978847045342712345
040 ## - CATALOGING SOURCE
Transcribing agency ddc
082 ## - DEWEY DECIMAL CLASSIFICATION NUMBER
Classification number 511.5 Blc 2020
100 ## - MAIN ENTRY--PERSONAL NAME
Personal name Bickle,Allan
9 (RLIN) 16064
245 ## - TITLE STATEMENT
Title Fundamentals of graphic theory
260 ## - PUBLICATION, DISTRIBUTION, ETC. (IMPRINT)
Place of publication, distribution, etc. America;
Name of publisher, distributor, etc. American Mathematical society;
Date of publication, distribution, etc. 2020,
300 ## - PHYSICAL DESCRIPTION
Extent xiii,249p;
Dimensions 26cm
Other physical details col,ill:
504 ## - BIBLIOGRAPHY, ETC. NOTE
Bibliography, etc Appendixes, bibliography and index included
650 ## - SUBJECT ADDED ENTRY--TOPICAL TERM
Topical term or geographic name as entry element Graphic Theory
9 (RLIN) 16065
942 ## - ADDED ENTRY ELEMENTS (KOHA)
Source of classification or shelving scheme Dewey Decimal Classification
Koha item type Book
Holdings
Withdrawn status Lost status Source of classification or shelving scheme Damaged status Not for loan Home library Current library Date acquired Source of acquisition Inventory number Total Checkouts Full call number Barcode Date last seen Price effective from Koha item type
    Dewey Decimal Classification     MUST Main Library MUST Main Library 29/07/2022 Purchase 22/41868   511.5 Blc 2020 2022-0704 29/07/2022 29/07/2022 Book
    Dewey Decimal Classification     MUST Main Library MUST Main Library 29/07/2022 Purchase 22/41867   511.5 Blc 2020 2022-0705 29/07/2022 29/07/2022 Book